[Event "JBLN Ost 1819"]
[Site "Germany"]
[Date "2018.09.29"]
[Round "1.3"]
[White "Kretzschmar, Arnd"]
[Black "Hanowski, Odin"]
[Result "1-0"]
[WhiteElo "1935"]
[BlackElo "1586"]
[PlyCount "81"]
[EventDate "2018.09.29"]
[EventType "team-tourn"]
[EventRounds "9"]
[EventCountry "GER"]
[SourceTitle "CBM 189 Extra"]
[Source "ChessBase"]
[SourceDate "2019.06.03"]
[SourceVersion "1"]
[SourceVersionDate "2019.06.03"]
[SourceQuality "1"]
[WhiteTeam "Halle USV"]
[BlackTeam "Anhalt"]
[WhiteTeamCountry "GER"]
[BlackTeamCountry "GER"]

1. d4 c6 2. c4 d5 3. Qc2 Nf6 4. Nc3 e6 5. Bg5 Be7 6. e3 Nbd7 7. cxd5 Nxd5 8. Bxe7 Nxe7 9. Bd3 Nf6 10. Nf3 0-0 11. 0-0 b6 12. Ne4 Nfd5 13. a3 Bb7 14. b4 h6 15. Rfc1 Rc8 16. Qa4 Ra8 17. Rc2 b5 18. Qb3 Qb6 19. Nc5 Rfd8 20. Rac1 a5 21. Ne5 axb4 22. axb4 Rac8 23. g3 Nf6 24. Nxf7 Kxf7 25. Qxe6+ Kf8 26. e4 Qc7 27. e5 Nfg8 28. Rc3 Nd5 29. Bh7 Qf7 30. Qxf7+ Kxf7 31. Rf3+ Ngf6 32. Nxb7 Rd7 33. Bf5 Rxb7 34. Bxc8 Rc7 35. Bh3 Nxb4 36. exf6 gxf6 37. Rb3 Nd5 38. Bg2 Ke6 39. Bxd5+ Kxd5 40. Rxb5+ Kxd4 41. Rbc5 1-0

[Event "GER-chT U20"]
[Site "Duesseldorf"]
[Date "2017.12.28"]
[Round "3.6"]
[White "Kretzschmar, Arnd"]
[Black "Wiedenbruch, Paul"]
[Result "1-0"]
[WhiteElo "1986"]
[BlackElo "1391"]
[PlyCount "89"]
[EventDate "2017.12.27"]
[EventType "team-swiss"]
[EventRounds "7"]
[EventCountry "GER"]
[SourceTitle "CBM 182 Extra"]
[Source "ChessBase"]
[SourceDate "2018.02.23"]
[SourceVersion "1"]
[SourceVersionDate "2018.02.23"]
[SourceQuality "1"]
[WhiteTeam "Halle USV U20"]
[BlackTeam "Duesseldorf U20"]
[WhiteTeamCountry "GER"]
[BlackTeamCountry "GER"]

1. d4 d5 2. c4 e6 3. Nc3 Nf6 4. Bg5 Be7 5. e3 0-0 6. cxd5 exd5 7. Bd3 c6 8. h3 Nbd7 9. Qc2 Re8 10. Nf3 Nf8 11. 0-0 Ne6 12. Bxf6 Bxf6 13. Bxh7+ Kh8 14. Bd3 b6 15. Rac1 Bb7 16. b4 Rc8 17. Qb1 Rb8 18. Rfd1 Qe7 19. Ne2 c5 20. dxc5 bxc5 21. bxc5 Nxc5 22. Qc2 Nxd3 23. Qxd3 Rbd8 24. Ned4 Rc8 25. Qb5 Red8 26. Nf5 Qd7 27. Qxd7 Rxd7 28. Rxc8+ Bxc8 29. N5d4 Rb7 30. Rc1 Be6 31. Rc6 Re7 32. Ra6 Bc8 33. Ra5 Rd7 34. Nc6 a6 35. Nce5 Rc7 36. Rxd5 Rc1+ 37. Kh2 Kg8 38. Rd6 Ra1 39. Rd2 Be6 40. Nd7 Bxd7 41. Rxd7 Rxa2 42. Kg3 a5 43. Ra7 Bc3 44. Ng5 Be1 45. Ra8# 1-0

[Event "Rewal op-A 19th"]
[Site "Rewal"]
[Date "2014.08.22"]
[Round "4"]
[White "Marczuk, Anna"]
[Black "Kretzschmar, Arnd"]
[Result "0-1"]
[WhiteElo "1866"]
[BlackElo "1860"]
[PlyCount "78"]
[EventDate "2014.08.19"]
[EventType "swiss"]
[EventRounds "9"]
[EventCountry "POL"]
[SourceTitle "EXT 2015"]
[Source "ChessBase"]
[SourceDate "2014.11.20"]
[SourceVersion "1"]
[SourceVersionDate "2014.11.20"]
[SourceQuality "1"]

1. e4 c5 2. Nf3 d6 3. d4 cxd4 4. Nxd4 Nf6 5. Nc3 g6 6. Be3 Bg7 7. f3 0-0 8. Qd2 Nc6 9. 0-0-0 d5 10. Nxc6 bxc6 11. Bh6 Be6 12. e5 Nd7 13. Bxg7 Kxg7 14. h4 Rb8 15. h5 Rh8 16. f4 Qb6 17. b3 Qb4 18. Be2 Nc5 19. Kb2 a5 20. Qd4 Qxd4 21. Rxd4 Rb4 22. Rhd1 Rhb8 23. a3 R4b7 24. Rf1 Bf5 25. Bd1 gxh5 26. Rh1 Bg6 27. Nb1 a4 28. b4 Ne6 29. Rd2 c5 30. c3 Nxf4 31. Bxa4 Nd3+ 32. Ka2 cxb4 33. cxb4 Nxb4+ 34. axb4 Rxb4 35. Nc3 d4 36. Nb5 Rxa4+ 37. Kb3 Ra5 38. Kc4 Raxb5 39. Kxd4 Rd8+ 0-1

[Event "Rewal op-A 19th"]
[Site "Rewal"]
[Date "2014.08.20"]
[Round "2"]
[White "Mucha, Piotr"]
[Black "Kretzschmar, Arnd"]
[Result "1-0"]
[WhiteElo "2019"]
[BlackElo "1860"]
[PlyCount "53"]
[EventDate "2014.08.19"]
[EventType "swiss"]
[EventRounds "9"]
[EventCountry "POL"]
[SourceTitle "EXT 2015"]
[Source "ChessBase"]
[SourceDate "2014.11.20"]
[SourceVersion "1"]
[SourceVersionDate "2014.11.20"]
[SourceQuality "1"]

1. e4 c5 2. Nf3 d6 3. d4 cxd4 4. Nxd4 Nf6 5. Nc3 g6 6. Be3 Bg7 7. f3 0-0 8. Qd2 Nc6 9. 0-0-0 Qa5 10. Kb1 Bd7 11. g4 Rfc8 12. h4 Ne5 13. Be2 Nc4 14. Bxc4 Rxc4 15. h5 Rac8 16. hxg6 fxg6 17. Nb3 Qa6 18. e5 Ne8 19. Qh2 Rxc3 20. bxc3 Rxc3 21. Bd4 Rxf3 22. Qxh7+ Kf7 23. exd6 exd6 24. Rhe1 Rf4 25. Rxe8 Rxd4 26. Re7+ Kxe7 27. Qxg7+ 1-0

[Event "GER-chT U14"]
[Site "Magdeburg"]
[Date "2013.12.28"]
[Round "4.3"]
[White "Laubrock, Paul"]
[Black "Kretzschmar, Arnd"]
[Result "1/2-1/2"]
[WhiteElo "1747"]
[BlackElo "1727"]
[PlyCount "46"]
[EventDate "2013.12.27"]
[EventType "team-swiss"]
[EventRounds "4"]
[EventCountry "GER"]
[SourceTitle "EXT 2015"]
[Source "ChessBase"]
[SourceDate "2014.11.20"]
[SourceVersion "1"]
[SourceVersionDate "2014.11.20"]
[SourceQuality "1"]
[WhiteTeam "Hagen"]
[BlackTeam "Halle"]
[WhiteTeamCountry "GER"]
[BlackTeamCountry "GER"]

1. e4 c5 2. Nc3 Nc6 3. Nf3 d6 4. d4 cxd4 5. Nxd4 Nf6 6. Bg5 Qb6 7. Bb5 Bd7 8. Bxc6 bxc6 9. Nb3 g6 10. 0-0 Bg7 11. Qd2 Qc7 12. Rad1 Rd8 13. Rfe1 0-0 14. Qe2 Bc8 15. Bf4 Nd7 16. Qe3 Ne5 17. Nd2 Ba6 18. Bxe5 Bxe5 19. Nf3 Bg7 20. e5 dxe5 21. Rxd8 Rxd8 22. Nxe5 Qxe5 23. Qxe5 Bxe5 1/2-1/2

[Event "GER-chT U14"]
[Site "Magdeburg"]
[Date "2013.12.27"]
[Round "1.3"]
[White "Kretzschmar, Arnd"]
[Black "Schuler, Max"]
[Result "1/2-1/2"]
[WhiteElo "1727"]
[BlackElo "1426"]
[PlyCount "144"]
[EventDate "2013.12.27"]
[EventType "team-swiss"]
[EventRounds "4"]
[EventCountry "GER"]
[SourceTitle "EXT 2015"]
[Source "ChessBase"]
[SourceDate "2014.11.20"]
[SourceVersion "1"]
[SourceVersionDate "2014.11.20"]
[SourceQuality "1"]
[WhiteTeam "Halle"]
[BlackTeam "Dresden Gruen Weiss"]
[WhiteTeamCountry "GER"]
[BlackTeamCountry "GER"]

1. d4 d5 2. c4 e6 3. Nc3 Nf6 4. Bg5 Nbd7 5. e3 c6 6. cxd5 exd5 7. Bd3 Be7 8. Qc2 0-0 9. Nf3 Re8 10. h3 Bb4 11. Bxh7+ Kf8 12. Bd3 Qa5 13. Bf4 Ne4 14. Bxe4 dxe4 15. Nd2 f5 16. 0-0 Nf6 17. Nc4 Qd8 18. Ne5 Bd6 19. Ne2 Nd5 20. Ng6+ Kf7 21. Bxd6 Qxd6 22. Ne5+ Kg8 23. Qb3 Re7 24. Nf4 Be6 25. Nxe6 Qxe6 26. f3 Qh6 27. Rae1 Rf8 28. fxe4 fxe4 29. Ng4 Qg5 30. Rxf8+ Kxf8 31. Rf1+ Ke8 32. Kf2 Qh4+ 33. Ke2 Qg3 34. Rf2 Qc7 35. a3 Qa5 36. Ne5 Qa6+ 37. Qc4 Qb6 38. b3 Qa5 39. Ng6 Rc7 40. Rf8+ Kd7 41. Rf7+ Ke8 42. Rxc7 Qxc7 43. Ne5 Qe7 44. Qc5 Qg5 45. Ng4 a6 46. Qd6 Qe7 47. Qxe7+ Kxe7 48. Kd2 Ke6 49. Nf2 Nf6 50. g4 Kd5 51. Kc3 Ne8 52. h4 Nd6 53. a4 b5 54. axb5 axb5 55. Nh3 Nf7 56. Nf4+ Kd6 57. g5 Nd8 58. Kb4 Nb7 59. Nh5 g6 60. Nf6 c5+ 61. dxc5+ Nxc5 62. Kxb5 Nxb3 63. Nxe4+ Ke5 64. Nf6 Nd2 65. Ng8 Nf3 66. Ne7 Nxh4 67. Kc5 Ke6 68. Nxg6 Nxg6 69. e4 Ke5 70. Kc4 Kxe4 71. Kc5 Kf5 72. Kc4 Kxg5 1/2-1/2

[Event "GER-chT North U14"]
[Site "Magdeburg"]
[Date "2013.09.14"]
[Round "5.1"]
[White "Boehning, Kilian"]
[Black "Kretzschmar, Arnd"]
[Result "1/2-1/2"]
[WhiteElo "1946"]
[BlackElo "1795"]
[PlyCount "82"]
[EventDate "2013.09.12"]
[EventType "team-swiss"]
[EventRounds "7"]
[EventCountry "GER"]
[SourceTitle "EXT 2014"]
[Source "ChessBase"]
[SourceDate "2013.11.20"]
[SourceVersion "1"]
[SourceVersionDate "2013.11.20"]
[SourceQuality "1"]
[WhiteTeam "Hagen"]
[BlackTeam "Halle"]
[WhiteTeamCountry "GER"]
[BlackTeamCountry "GER"]

1. e4 c5 2. Nf3 d6 3. d4 cxd4 4. Nxd4 Nf6 5. Nc3 g6 6. Be3 Bg7 7. f3 0-0 8. Qd2 Nc6 9. g4 Nxd4 10. Bxd4 Be6 11. Nd5 Bxd5 12. exd5 Re8 13. Bb5 Nd7 14. Bxg7 Kxg7 15. 0-0-0 a6 16. Bd3 Nc5 17. h4 Nxd3+ 18. Qxd3 Rc8 19. h5 Qc7 20. Rh2 f6 21. g5 Qc4 22. Qxc4 Rxc4 23. hxg6 hxg6 24. Rdh1 fxg5 25. Rg1 Rf4 26. Rxg5 Rxf3 27. Rhg2 Rf6 28. b3 Rh8 29. Kb2 Rh4 30. c4 Rhf4 31. Ka3 Rf2 32. Rxg6+ Rxg6 33. Rxf2 Rf6 34. Re2 Kf7 35. Kb4 b6 36. Rh2 Kg7 37. Rh3 Rf2 38. a4 Ra2 39. Rf3 Kg8 40. Rf1 Kg7 41. Rf4 Kg8 1/2-1/2

[Event "GER-chT U14"]
[Site "Magdeburg"]
[Date "2012.12.27"]
[Round "2.2"]
[White "Kretzschmar, Arnd"]
[Black "Maier, Lukas"]
[Result "0-1"]
[WhiteElo "1751"]
[BlackElo "1693"]
[PlyCount "32"]
[EventDate "2012.12.27"]
[EventType "team-swiss"]
[EventRounds "7"]
[EventCountry "GER"]
[SourceTitle "EXT 2014"]
[Source "ChessBase"]
[SourceDate "2013.11.20"]
[SourceVersion "1"]
[SourceVersionDate "2013.11.20"]
[SourceQuality "1"]
[WhiteTeam "Halle Volksbank"]
[BlackTeam "Backnang"]
[WhiteTeamCountry "GER"]
[BlackTeamCountry "GER"]

1. e4 e5 2. Nf3 Nc6 3. Bc4 Bc5 4. b4 Bxb4 5. c3 Ba5 6. d4 exd4 7. 0-0 d6 8. cxd4 Bb6 9. Nc3 Nf6 10. e5 dxe5 11. dxe5 Qxd1 12. Rxd1 Ng4 13. Rd2 0-0 14. Re2 Nd4 15. Re4 Nxf3+ 16. gxf3 Nxf2 0-1

[Event "Vellmar op 1st"]
[Site "Vellmar"]
[Date "2009.07.31"]
[Round "3"]
[White "Karnbach, Oliver"]
[Black "Kretzschmar, Arnd"]
[Result "1/2-1/2"]
[WhiteElo "1213"]
[BlackElo "1316"]
[PlyCount "94"]
[EventDate "2009.07.30"]
[EventType "swiss"]
[EventRounds "7"]
[EventCountry "GER"]
[SourceTitle "EXT 2018"]
[Source "ChessBase"]
[SourceDate "2017.10.13"]
[SourceVersion "1"]
[SourceVersionDate "2017.10.13"]
[SourceQuality "1"]

1. d4 Nf6 2. Nf3 e6 3. e3 c5 4. c3 Nc6 5. Bd3 d5 6. 0-0 c4 7. Bc2 Bd6 8. Nbd2 e5 9. e4 dxe4 10. Nxe4 Nxe4 11. Bxe4 exd4 12. Bxc6+ bxc6 13. Re1+ Be6 14. Nxd4 Qd7 15. Qe2 0-0 16. Nxe6 fxe6 17. Qxe6+ Qxe6 18. Rxe6 Bc5 19. Be3 Bxe3 20. Rxe3 Rad8 21. Kf1 Rd2 22. Re2 Rfd8 23. Rxd2 Rxd2 24. b3 cxb3 25. axb3 Rb2 26. Ra3 h6 27. b4 Rc2 28. Rxa7 Rxc3 29. Rc7 Rb3 30. Rc8+ Kh7 31. Rxc6 Rxb4 32. Ke2 Rb3 33. Rd6 Ra3 34. Rd3 Ra5 35. Ke3 Rh5 36. h3 Re5+ 37. Kf4 Re6 38. f3 Kg6 39. Rd4 Kh5 40. Kf5 Rf6+ 41. Ke5 Rg6 42. Rg4 Rxg4 43. hxg4+ Kh4 44. Kf5 Kg3 45. Kg6 Kxg2 46. Kxg7 Kxf3 47. Kxh6 Kxg4 1/2-1/2

[Event "Vellmar op 1st"]
[Site "Vellmar"]
[Date "2009.07.30"]
[Round "1"]
[White "Naujocks, Christian"]
[Black "Kretzschmar, Arnd"]
[Result "1-0"]
[WhiteElo "1560"]
[BlackElo "1316"]
[PlyCount "47"]
[EventDate "2009.07.30"]
[EventType "swiss"]
[EventRounds "7"]
[EventCountry "GER"]
[SourceTitle "EXT 2018"]
[Source "ChessBase"]
[SourceDate "2017.10.13"]
[SourceVersion "1"]
[SourceVersionDate "2017.10.13"]
[SourceQuality "1"]

1. e4 c5 2. Nf3 d6 3. d4 cxd4 4. Nxd4 Nf6 5. Nc3 e5 6. Nf3 Be6 7. h3 Be7 8. Ng5 Nc6 9. Nxe6 fxe6 10. Bc4 Qd7 11. 0-0 0-0 12. f4 exf4 13. Bxf4 Nxe4 14. Nxe4 d5 15. Bb3 e5 16. Bxd5+ Kh8 17. Bxc6 Qxc6 18. Bxe5 Rxf1+ 19. Qxf1 Qxe4 20. Re1 Bc5+ 21. Kh1 Qxc2 22. Rc1 Qg6 23. Rxc5 Kg8 24. Rc7 1-0